000 00869nam a2200205Ia 4500
003 GCL
008 140319s9999 xx 000 0 ara d
040 _aGCL /
_cGCL
082 0 4 _aط
_b813.087
_bم ر
100 1 _aمحمد سعيد العريان
245 1 0 _aرحلات سندباد \ الانسان الوحشى - الرجل المجهول - سر الجزيرة المهجورة - اللقاء الغريب - طريق الاهوال - التمثال المسحور - صراع على الكنز - فى جزيرة النسانيس /
_cمحمد سعيد العريان
260 _aالقاهرة :
_bدار المعارف ،
_c1994
300 _aمتعدد ؛
_c20 سم
490 _aرحلات سندباد
_v0
650 0 4 _aالاطفال
650 0 4 _aقصص الاطفال
650 0 4 _aالرحلات
650 0 4 _aالمغامرات
942 _2ddc
_cBK
999 _c57504
_d57504